An experimental study of eye-movements in the silent reading of Chinese ...
Saved in:
| Main Author: | |
|---|---|
| Format: | Book |
| Language: | English |
| Published: |
Chicago, Ill.,
1934.
|
| Subjects: | |
| Tags: |
Add Tag
No Tags, Be the first to tag this record!
|
| LEADER | 01049cam a2200277I 4500 | ||
|---|---|---|---|
| 001 | 006865327-1 | ||
| 005 | 20020606163548.3 | ||
| 008 | 850712s1934 ilu 000 0 eng c | ||
| 010 | |a 34017352 | ||
| 035 | 0 | |a ocm12260088 | |
| 040 | |a Univ. of Chicago Libr. |c KUK |d KUK |d OCL |d HLS | ||
| 050 | 0 | |a BF456.R2 |b W3 1933 | |
| 082 | |a 158.84 |a 159.9464 | ||
| 100 | 1 | |a Wang, Fung-chiai, |d 1906- | |
| 245 | 1 | 3 | |a An experimental study of eye-movements in the silent reading of Chinese ... |c by Fung Chiai Wang ... |
| 260 | |a Chicago, Ill., |c 1934. | ||
| 300 | |a v, 33 p. |c 24 cm. | ||
| 500 | |a Lithographed. | ||
| 500 | |a "Private edition distributed by the University of Chicago libraries." | ||
| 502 | |a Part of thesis (Ph. D.)--University of Chicago, 1933. | ||
| 650 | 0 | |a Reading, Psychology of. | |
| 650 | 0 | |a Eye |x Movements. | |
| 650 | 0 | |a Chinese language. | |
| 776 | 0 | 8 | |i Online version: |a Wang, Fung-chiai, 1906- |t Experimental study of eye-movements in the silent reading of Chinese . |d Chicago, Ill., 1934 |w (OCoLC)692060068 |
| 988 | |a 20020608 | ||
| 906 | |0 OCLC | ||


